000 00908nam a2200229 a 4500
999 _c4182
_d4182
001 4182
003 BD-JhCC
005 20180418180358.0
008 171123s1960 nyu |||| |||| 001 0 eng d
035 _a(BD-JhCC)4182
040 _aBD-JhCC
_dBD-JhCC
041 _aeng
082 _222
_a973.5
_bANG 1960
100 _aAngle, Paul M.
_c1900-1975
_q(Paul McClelland),
245 _aThe making of a world power :
_bselections from the American reader /
_c Paul McClelland Angle
260 _aNew York :
_bFawcett Publications,
_cc1960
300 _a1 vol. (223 p.) :
_c18 cm.
500 _a "Comprises chapters XVII-XXI of The American reader." La couv. porte en plus : "Golden '90s to depression years. Eyewitness reports of America in the making Volume 4 selected from The American Reader." Description:
651 _aUnited States
_vSources.
_xHistory
_y20th century
942 _2ddc
_cBK